O que o Brasil quer ser quando crescer? (Record no. 67890)

MARC details
000 -LÍDER
campo de controle de tamanho fixo 00399 a2200157 4500
001 - NÚMERO DE CONTROLE
campo de controle 67890
020 ## - ISBN - INTERNATIONAL STANDARD BOOK NUMBER
ISBN - International Standard Book Number 9788539005963
040 ## - FONTE DA CATALOGAÇÃO
Instituição que transcreveu o registro Anchieta - Pituba
100 ## - ENTRADA PRINCIPAL--NOME PESSOAL
Nome pessoal Ioschpe, Gustavo
240 10 - TÍTULO UNIFORME
Título uniforme O que o Brasil quer ser quando crescer?
Idioma da obra por
245 10 - TÍTULO
Título O que o Brasil quer ser quando crescer?
300 ## - DESCRIÇÃO FÍSICA
Extensão 254
362 0# - DATAS DE PUBLICAÇÃO E/OU DESIGNAÇÃO SEQUENCIAL
Datas de publicação e/ou designação sequencial 2014
650 #4 - ASSUNTO--TERMO TÓPICO
Cabeçalho tópico ou nome geográfico História da Educação Brasielira
942 ## - ELEMENTOS DE ENTRADA ADICIONADOS (KOHA)
Tipo de material Koha Livros
Holdings
Situação do descarte Situação das perdas Situação física Não pode ser emprestado Biblioteca de origem Biblioteca atual Data de aquisição Total de empréstimos Número de chamada completo Código de barras Data de último acesso Data do preço efetivo Tipo de material Koha
        Colégio Anchieta - Pituba Colégio Anchieta - Pituba 21/11/2023   370.981 I64q IOS OQU 22939/PIT 21/11/2023 21/11/2023 Livros
        Colégio Anchieta - Pituba Colégio Anchieta - Pituba 21/11/2023   370.981 I64q IOS OQU 23934/PIT 21/11/2023 21/11/2023 Livros